Gluteal Muscles Origin, Insertion, Action, and Innervation - Statistics

General Stats
  • This quiz has been taken 7 times
  • The average score is 4 of 16
Answer Stats
Hint Answer % Correct
Gluteus maximus Innervation Inferior gluteal nerve
83%
Gluteus medius Innervation Superior gluteal nerve
83%
Gluteus minimus Innervation Superior gluteal nerve
83%
Tensor fasciae latae Innervation Superior gluteal nerve
67%
Gluteus medius Insertion Greater trochanter
33%
Gluteus minimus Insertion Greater trochanter
33%
Tensor fasciae latae Insertion Iliotibial tract
33%
Gluteus medius Action Abducts thigh and medially rotates thigh
0%
Gluteus minimus Action Abducts thigh and medially rotates thigh
0%
Tensor fasciae latae Action Abducts thigh, medially rotates thigh, and flexes thigh
0%
Gluteus maximus Action Extends thigh, abducts thigh, and laterally rotates thigh
0%
Gluteus maximus Insertion Gluteal tuberosity of femur and iliotibial tract
0%
Tensor fasciae latae Origin Iliac crest and anterior superior iliac spine
0%
Gluteus medius Origin Lateral ilium
0%
Gluteus minimus Origin Lateral ilium (inferior to medius)
0%
Gluteus maxmius Origin Posterior ilium and sacrum and sacrotuberous ligament
0%
No matching quizzes found
Score Distribution
Percent of People with Each Score
Percentile by Number Answered
Your Score History
You have not taken this quiz